Law of Apostasy in Islam (Record no. 2697)

MARC details
000 -LEADER
fixed length control field 00574nam a2200241 a 4500
020 ## - INTERNATIONAL STANDARD BOOK NUMBER
ISBN
082 00 - DEWEY DECIMAL CLASSIFICATION NUMBER
Classification number 269.2
Author Cutter ZWE11
100 ## - MAIN ENTRY--AUTHOR NAME
Author name Zwemer, Samuel M
245 ## - TITLE STATEMENT
Title Law of Apostasy in Islam
260 ## - PUBLICATION, DISTRIBUTION, ETC. (IMPRINT)
Place of publication Delhi
Name of publisher Curzon Press
Year of publication 1924
300 ## - PHYSICAL DESCRIPTION
Number of Pages 164p
500 ## - GENERAL NOTE
General note includes index and biblioraphy
505 2# - FORMATTED CONTENTS NOTE
Formatted contents note Bibliography
650 ## - SUBJECT ADDED ENTRY--TOPICAL TERM
Topical Term Evangelistic Work
942 ## - ADDED ENTRY ELEMENTS (KOHA)
Koha item type Books
700 1# -
-- Zwemer, Samuel M
Holdings
Home library Current library Date acquired Cost, normal purchase price Full call number Accession Number Koha item type
Henry Martyn Institute Library Henry Martyn Institute Library   0.00 269.2 ZWE11 1224 Archive Book
Henry Martyn Institute Library Henry Martyn Institute Library   0.00 269.2 ZWE11 1225 Archive Book
Henry Martyn Institute Library Henry Martyn Institute Library   0.00 269.2 ZWE11 1379 Archive Book
Henry Martyn Institute Library Henry Martyn Institute Library   0.00 269.2 ZWE11 3405 Archive Book
Henry Martyn Institute Library Henry Martyn Institute Library   0.00 269.2 ZWE11 8654 E-Books
                   Copyright © 2026 | Henry Martyn Institute | Hyderabad | TS-500052 | INDIA | Implemented by hmi.edu.in
Hit-Count:

Powered by Koha